000 00660nam a2200217Ia 4500
003 OSt
005 20220923230404.0
006 a|||||r|||| 00| 0
007 ta
008 Pun
024 _a280,147
037 _cTextual
040 _aARTS
_cARTS
_bPun
041 _2Pun
_aPun
082 _aO153,2N11:g, L9
100 _aਭਾਟਿਆ, ਉੱਤਮ ਸਿੰਘ
245 0 _aਨਾਟਕਕਾਰ ਗੁਰਦਿਆਲ ਸਿੰਘ ਖੋਸਲਾ
_b ਬੇਘਰੇ ਤੇ ਹੋਰ ਇਕਾਂਗੀ
260 _c1979
942 _hO153,2N11:g, L9
_cTEXL
_2CC
999 _c384477
_d384477